Current Progress in Hydrometeorological Observations and Modeling (Record no. 1308879)

MARC details
000 -LEADER
fixed length control field 01852nam a2200217 4500
005 - DATE AND TIME OF LATEST TRANSACTION
control field 20250411143215.0
008 - FIXED-LENGTH DATA ELEMENTS--GENERAL INFORMATION
fixed length control field 250411b |||||||| |||| 00| 0 eng d
020 ## - INTERNATIONAL STANDARD BOOK NUMBER
International Standard Book Number 9781639897421
037 ## - SOURCE OF ACQUISITION
Terms of availability Textual
040 ## - CATALOGING SOURCE
Original cataloging agency RTL
Transcribing agency RTL
084 ## - COLON CLASSIFICATION NUMBER
Classification number U28 R3
Assigning agency RTL
245 ## - TITLE STATEMENT
Title Current Progress in Hydrometeorological Observations and Modeling
260 ## - PUBLICATION, DISTRIBUTION, ETC.
Place of publication, distribution, etc. USA
Name of publisher, distributor, etc. States Academic Press
Date of publication, distribution, etc. 2023
300 ## - PHYSICAL DESCRIPTION
Extent vii, 237 p.
Other physical details Includes bibliographical references, notes and index
520 ## - SUMMARY, ETC.
Summary, etc. The branch of study that focuses on the energy, chemistry, physics, and water fluxes in the atmosphere and Earth’s surface is known as hydrometeorology. Hydrometeorological hazards originate due to extreme meteorological and climatic occurrences having atmospheric, hydrological, or oceanographic origin. A few examples of hydrometeorological hazards include typhoons, hurricanes, floods, drought, heatwaves, cold spells, and coastal storm surges. Hydrometeorological monitoring systems are required to develop adequate preparedness and mitigation strategies. The hydrometeorological phenomena can be modeled in three major ways, namely, nowcasting, numerical weather prediction, and statistical techniques. Nowcasting refers to the weather forecasting on a very short mesoscale period. This book traces the progress of hydrometeorology, and highlights some of its key concepts and applications. It unfolds the innovative aspects of hydrometeorological observations and modeling, which will be crucial for the progress of this field in the future. The book is appropriate for students as well as for experts seeking detailed information in the area of hydrometeorology.
650 ## - SUBJECT ADDED ENTRY--TOPICAL TERM
Topical term or geographic name entry element Hydrometeorology
9 (RLIN) 725006
650 ## - SUBJECT ADDED ENTRY--TOPICAL TERM
Topical term or geographic name entry element Meteorology
650 ## - SUBJECT ADDED ENTRY--TOPICAL TERM
Topical term or geographic name entry element Atmospheric Science
9 (RLIN) 752184
700 ## - ADDED ENTRY--PERSONAL NAME
Personal name Mason, Alfredo
Relator term Editor
9 (RLIN) 752185
942 ## - ADDED ENTRY ELEMENTS (KOHA)
Source of classification or shelving scheme Colon Classification (CC)
Suppress in OPAC No
Koha item type Textbook
Classification part U28 R3
Holdings
Withdrawn status Lost status Source of classification or shelving scheme Damaged status Not for loan Home library Current library Date acquired Total Checkouts Full call number Barcode Date last seen Price effective from Koha item type
    Colon Classification (CC)     Ratan Tata Library Ratan Tata Library 2025-04-11   U28 R3 RT1528370 2025-04-11 2025-04-11 Textbook
Copyright @ Delhi University Library System